000 00679nam a2200217 i 4500
001 71172
003 ES-MaACL
005 20250913153951.0
007 t|
008 040806s1977 sp ||||1| spa d
100 1 _aGauthier, André.
_956031
245 1 0 _aLiszt /
_cAndré Gauthier ; traducción por Felipe Ximénez de Sandoval.
250 _a2ª ed.
260 _aMadrid :
_bEspasa-Calpe,
_c1977.
300 _a115 p. :
_bil. ;
_c18 cm.
490 1 _aClásicos de la música ;
_v8
700 1 _aXiménez de Sandoval, Felipe,
_d1903-1978
_9117510
830 0 _aClásicos de la música ;
_v8
_9181484
852 _aES-MaACL
_jA-6857
_bR.95707
999 _c71172
_d71172